| 000 | 00554nam a2200241Ia 4500 | ||
|---|---|---|---|
| 005 | 20250425161937.0 | ||
| 008 | 250425s9999 xx 000 0 und d | ||
| 020 | _a8428300011 | ||
| 041 | _aspa | ||
| 082 | _a669 | ||
| 100 | _aAUGE, R. | ||
| 245 | 0 | _aMETALES: INSTRUMENTOS DE VERIFICACION Y MEDIDA | |
| 250 | _a1A ED. | ||
| 260 |
_aEspaƱa _bPARANINFO _c1976 |
||
| 260 | _aMADRID | ||
| 300 | _a123 | ||
| 650 | _aLIMADO | ||
| 650 | _aMEDICIONES MECANICAS | ||
| 650 | _aMETALES | ||
| 650 | _aMETROLOGIA | ||
| 942 | _c01 | ||
| 010 | _a36072 | ||
| 999 |
_c219353 _d219353 |
||